000 00519nam a2200193 i 4500
001 147604
003 ES-MaACL
005 20250901102219.0
007 t|
008 071004s1967 sp ||||1| spa d
080 _a658.87
100 1 _aUriarte, Pedro.
_9112152
245 1 3 _aLa venta al detalle /
_cPedro Uriarte.
260 _aBilbao :
_bMensajero,
_c1967.
300 _a323 p. ;
_c23 cm.
650 1 7 _aComercio al por menor
_2embne
_911164
852 _aES-MaACL
_jC-47926
_bR.72477
999 _c147604
_d147604